000 00316nam a22000977a 4500
008 160314b xxu||||| |||| 00| 0 eng d
245 _aAnnual Reports $ Financial Statements
_bFinancial year ended 30 june 2010
260 _akplc
_bkenya power
_c2010
300 _a112p.
_bill.
942 _2lcc
_cREF
_kHD9685 .K44K46 2010 C.2
999 _c15771
_d15771